LEADER 00976nas a2200313 i 4500 001 000000238574 003 CaOOAMICUS 005 20150216000000.0 008 150216b1996 it uu u0 0ita r 013 $a217479 040 $aSeMil$bita 245 10$a1995-1996. 260 $aBologna :$bEDB,$c1996. 300 $a640 p. ;$c22 cm. 773 0 $tEvangelizzare.$dBologna : EDB, 1976-2014.$w()2273 774 0 $tDossier.$w()283789 774 0 $tDossier.$w()283790 774 0 $tDossier.$w()283791 774 0 $tDossier.$w()283792 774 0 $tDossier.$w()283793 774 0 $tDossier.$w()283794 774 0 $tDossier.$w()283795 774 0 $tDossier.$w()283796 774 0 $tDossier.$w()283797 774 0 $tDossier.$w()283798 850 $aSeMil 852 $aSeMil$W1$xVenegono$y1$m137 3 22$j188920$B188920$CSeMilBibl$Z2$F199958 $85 996 $6245$a1995-1996$9(OLS)http://semarc/title/339969 996 $6260$aBologna :$bEDB$9(OLS)http://semarc/publisher/29669 LEADER 00679nam a2200193 i 4500 001 000000061776 003 CaOOAMICUS 005 19990505000000.0 008 990505n it u000 u ita u 013 $a32948 040 $aSeMil$bita 100 1 $aBrovelli, Franco,$d<1941- >.$0(OLS)http://semarc/name/15532 245 12$aI ministeri. 650 4$aDispense scolastiche.$0(OLS)http://semarc/subject/526 650 4$aMinistri del culto.$0(OLS)http://semarc/subject/7988 850 $aSeMil 852 $aSeMil$W1$xVenegono$y1$m3K IV 43$j27929$B27929$CSeMilBibl$Z2$F27932 $81 961 $aOmaggio: Oggioni don Costantino 996 $6245$aI ministeri$9(OLS)http://semarc/title/97146